Rise of Nations ULTIMATE!!!! QUIZ - Statistics

General Stats
  • This quiz has been taken 12 times
  • The average score is 9 of 21
Answer Stats
Idk idk % Correct
If you develop city ur economy will be? (great or bad) Great
80%
Microstate in Europe that is british but independent, capital Douglas Isle of Man
80%
The word for losing more money then you earn Deficit
70%
Rise of nations considers the capital of Switzerland to be? Bern
60%
Owner of ron Hyperant
60%
How many countries require xp? 3
50%
Provides Fertilizer Fertilizer Factory
50%
Resource needed to make tanks that u require through factories Motor Parts
50%
Roads were replaced with? Infastructure
40%
Thing that makes it so u have to wait to cede, release, etc New Ruler Timer
40%
Made a video about playing as Turkmenistan and is a ron youtuber Amandus
30%
Country that includes that city in their land? Antarctica
30%
In the thumbnail of the turkmenistan video, it says about not getting a leader. Which leader???? Chief Judge
30%
Germany's ____________ changed after a update or whatever Color
30%
System that changes your flag Dynamic Flag
30%
if you want to defend you should rush the doctrine? Static Lines
30%
Most unpopulated city Vostok
30%
If you want tanks, you should rush the doctrine? Maneuver Warfare
20%
Pressing A makes the screen of this pop up Research
20%
they also name chief judge? Shief Judge
20%
Leader that reduces military upkeep Procurement Minister
10%
No matching quizzes found
Score Distribution
Percent of People with Each Score
Percentile by Number Answered
Your Score History
You have not taken this quiz